000 01012cam a2200241 4500
001 ABS64760
008 011203n2001 000 0 eng u
035 _a(Sirsi) u115820
100 _aPalmer, T.
245 _aRegulation rollercoaster
260 _c2001
490 _aHouse Builder
_v60(10) November 2001, 59-60(2)
520 _aExamines how imminent changes to new sound and thermal regulations will impact on the insulation sector. Cavity wall insulation is central to government's long-term energy efficiency programme and in reducing emissions of carbon dioxide. The process will be an integral part of the new Building Regulations due in 2002 when a 0.35 U-value for walls will become the standard requirement.
590 _aABS
650 _aTHERMAL REGULATIONS
650 _aINSULATION SECTOR
650 _aCARBON DIOXIDE
650 _aBUILDING REGULATIONS
_96224
650 _aSOUND REGULATIONS
650 _aINSULATION
690 _aBUILDING AND CONSTRUCTION-REGULATIONS
942 _n0
999 _c68990
_d68990